England County Quiz - East Sussex - Statistics

General Stats
  • This quiz has been taken 228 times
    142 since last reset
  • The average score is 11 of 15
Answer Stats
Hint Answer % Correct
Famous conflict which marked the start of the Norman Conquest of England Battle of Hastings
94%
Full name of a large coastal city, which is popular with holiday makers {Brighton} and {Hove}
88%
Headland in East Sussex with the highest chalk sea cliff in Britain. This has made it one of the most notorious suicide spots in the world {Beachy} Head
87%
Large resort town to the east of the above headland Eastbourne
86%
Winnnie the Pooh's home is based on this real wood in Ashdown Forest which is situated close to the home of his creator, A.A. Milne Five Hundred {Acre} Wood
82%
Herstmonceux Castle in East Sussex is a former location of this important institution in the history of astronomy and navigation Royal Greenwich {Observatory}
79%
Village which is the actual location where the above conflict took place Battle
78%
The 17th-century house, Bateman's, was the home of this author, known for 'The Jungle Book' Rudyard Kipling
73%
County town Lewes
70%
Impressive former royal residence in the above city which was built for King George IV and redesigned in an Indo-Islamic style with domes and minarets Royal {Pavilion}
69%
Beach and sand dune system near Rye in the east of the county, popular for kite surfing {Camber} Sands
68%
Sheffield Park is the southern terminus of this popular tourist attraction {Bluebell} Railway
51%
Long distance footpath which runs from East Sussex to Winchester in Hampshire {South} {Downs} Way
48%
Area of Outstanding Natural Beauty which also extends into adjoining counties {High} Weald
47%
Modernist 20th century author who died in the county - someone you might be afraid of? Virginia Woolf
45%
No matching quizzes found
Score Distribution
Percent of People with Each Score
Percentile by Number Answered
Your Score History
You have not taken this quiz since the last reset